000 00753nam a2200241 i 4500
001 bg
100 1 _aJankowski, Tadeusz
_d(1940- ).
245 1 0 _aLinear algebra /
_cTadeusz Jankowski ; Politechnika Gdańska.
260 _aGdańsk :
_bWydaw. PG,
_c1997.
300 _a136 s. :
_b3 wykr. ;
_c24 cm.
504 _aBibliogr. s. 136.
521 _aSkrypt przeznaczony dla studentów Wydz. Chemicznego kierunku Environmental Protection and Management.
650 9 _aAlgebra liniowa
655 _aPodręczniki akademickie
710 0 _aPOLITECHNIKA GDAŃSKA (Gdańsk)
020 _a8386537639
040 _cBPK
041 0 _aen
080 _a512.6(075.8)
920 _a83-86537-63-9
942 _cKS
008 s pl f |000 0 pol
999 _c32922
_d32922
856 _uhttp://koha.tu.koszalin.pl/cgi-bin/koha/opac-detail.pl?biblionumber=32922
_yKatalog online BPK